00514nam a22001457a 450000500170000000800410001702000280005804100130008608200130009910000410011224501060015326000570025930000260031665000260034220240122083702.0240122b |||||||| |||| 00| 0 eng d a0409003301 ; 0409003867 aEnglish  a349 JOU  aJoubert, WA and Scott, TJ lEnglish  aThe Law of South Africa : Townships and Town Planning and Trade Industry / cWA Joubert and TJ Scott  aDurban : bButterworth Publishers (Pty) Ltd, c1987  b326 pages ; c26 cm.  aLegal practice bLaw